000 00693nam a2200289Ia 4500
005 20260324125343.0
008 008 260324s9999 xx 000 0 eng d
020 _a9781315590936
037 _aEBOOK
040 _aCRL
040 _beng
040 _cCRL
041 _2eng
041 _aeng
084 _qCRL
100 _aMark S. Gignilliat
_91177673
245 0 _aKarl Barth and the Fifth Gospel
245 0 _bBarth's Theological Exegesis of Isaiah
260 _bTaylor and Francis
260 _c2009
365 _a
365 _b255
856 _uhttp://www.taylorfrancis.com/books/9781315590936
942 _cEBOOK
999 _c1772829
_d1772829